[Event "SVK-ch U12 Girls"]
[Site "Stara Lubovna"]
[Date "2021.06.26"]
[Round "1"]
[White "Jozefiakova, Alexandra"]
[Black "Horvathova, Hana"]
[Result "0-1"]
[WhiteElo "1000"]
[BlackElo "1336"]
[PlyCount "52"]
[EventDate "2021.06.26"]
[EventType "swiss"]
[EventRounds "9"]
[EventCountry "SVK"]
[SourceTitle "CBM 203 Extra"]
[Source "ChessBase"]
[SourceDate "2021.09.30"]
[SourceVersion "1"]
[SourceVersionDate "2021.09.30"]
[SourceQuality "1"]

1. e4 e5 2. Nf3 Nc6 3. Bc4 Bc5 4. 0-0 Nf6 5. d3 0-0 6. Bg5 h6 7. Bh4 d6 8. Nc3 Bg4 9. h3 Bh5 10. Qd2 Bxf3 11. gxf3 Nd4 12. Qe2 Nxe2+ 13. Nxe2 Qd7 14. Rad1 Qxh3 15. Rfe1 Qxh4 16. b3 Bxf2+ 17. Kf1 Bxe1 18. Kg2 Qf2+ 19. Kh3 Qxe2 20. Rc1 Qf2 21. Rxe1 Qxe1 22. d4 Qe3 23. Kg3 Qf4+ 24. Kf2 Nxe4+ 25. Ke2 Qd2+ 26. Kf1 Qf2# 0-1

[Event "SVK-ch U12 Girls"]
[Site "Lubovna"]
[Date "2020.08.21"]
[Round "8"]
[White "Knapova, Nicol1111"]
[Black "Jozefiakova, Alexandra"]
[Result "1-0"]
[WhiteElo "1060"]
[BlackElo "1000"]
[PlyCount "83"]
[EventDate "2020.08.15"]
[EventType "tourn"]
[EventRounds "9"]
[EventCountry "SVK"]
[SourceTitle "EXT 2021"]
[Source "ChessBase"]
[SourceDate "2020.10.23"]
[SourceVersion "1"]
[SourceVersionDate "2020.10.23"]
[SourceQuality "1"]

1. Nf3 e6 2. e4 Nc6 3. d4 Bb4+ 4. Bd2 Nf6 5. Bd3 0-0 6. c3 Bd6 7. e5 Be7 8. exf6 Bxf6 9. Be3 d6 10. Nbd2 e5 11. d5 Ne7 12. c4 Bg4 13. h3 Bh5 14. g4 Bg6 15. Bxg6 Nxg6 16. Ne4 Be7 17. Qc2 Rb8 18. Bxa7 Ra8 19. Be3 c6 20. Qd3 Qa5+ 21. Qc3 Qa6 22. Qb3 c5 23. Qb5 Qa7 24. h4 Bd8 25. h5 Ne7 26. Nxd6 Ba5+ 27. Ke2 Rfd8 28. Bxc5 b6 29. Bb4 g6 30. Nxe5 f6 31. Nc6 Nxc6 32. dxc6 Rxd6 33. Bxd6 Re8+ 34. Kf3 Bd2 35. Rhd1 Bg5 36. c7 Qb7+ 37. Qd5+ Qxd5+ 38. Rxd5 Bh6 39. Bb4 gxh5 40. Rd8 Rxd8 41. cxd8Q+ Bf8 42. Qxf8# 1-0